| 000 | 01206cam a22003734a 4500 | ||
|---|---|---|---|
| 999 |
_c532563 _d532563 |
||
| 001 | 15372863 | ||
| 003 | NUST | ||
| 005 | 20191125155121.0 | ||
| 008 | 080718s2009 ctua b 001 0 eng c | ||
| 010 | _a 2008933517 | ||
| 020 | _a9780495411215 (hbk.) | ||
| 020 | _a0495411213 (hbk.) | ||
| 035 | _a(OCoLC)ocn297174536 | ||
| 038 | _aMSOHAIL | ||
| 040 |
_aGLL _cGLL _dWAU _dDLC |
||
| 042 | _apcc | ||
| 043 | _an-us--- | ||
| 050 | 0 | 0 |
_aKF902 _b.S93 2009 |
| 082 | _a0 | ||
| 100 | 1 |
_aSweet, Justin. _926147 |
|
| 245 | 1 | 0 |
_aLegal aspects of architecture, engineering and the construction process / _cJustin Sweet, |
| 250 | _a7th ed. | ||
| 260 |
_aStamford, Conn. : _bCengage Learning, _cc2004. |
||
| 300 |
_axxvii,v.p, [279] p. : _bill. ; _c25 cm. |
||
| 504 | _aIncludes bibliographical references and indexes. | ||
| 650 | 0 |
_aConstruction contracts _zUnited States. _91127 |
|
| 650 | 0 |
_aArchitectural contracts _zUnited States. _926148 |
|
| 650 | 0 |
_aEngineering contracts _zUnited States. _924625 |
|
| 700 | 1 |
_aSchneier, Marc M., _d1955- _926149 |
|
| 906 |
_a7 _bcbc _cpccadap _d2 _eepcn _f20 _gy-gencatlg |
||
| 942 |
_2ddc _cBK |
||